Normal view
MARC view
- Mohanty, R.P , Deshmukh,S.G
Entry Personal Name
001 - CONTROL NUMBER
- control field: 64047
003 - CONTROL NUMBER IDENTIFIER
- control field: NUST
005 - DATE AND TIME OF LATEST TRANSACTION
- control field: 20210628203221.0
008 - FIXED-LENGTH DATA ELEMENTS
- fixed length control field: 210628|| aca||aabn | a|a d
040 ## - CATALOGING SOURCE
- Original cataloging agency: NUST
- Transcribing agency: NUST
100 ## - HEADING--PERSONAL NAME
- Personal name: Mohanty, R.P , Deshmukh,S.G
670 ## - SOURCE DATA FOUND
- Source citation: Work cat.: (NUST): Mohanty, R.P , Deshmukh,S.G, Indian case studies in supply chain management & other learning resources , indian text edition, 2005
